00539cam a2200157 a 450000100100000000500170001000800410002704000250006808200110009310000340010424500570013826000360019530000210023195201140025299900150036600000831520200929161327.0860327s1964 pr 000 0 spa d aDO-SdBNPbspadBNPHU axxbxx1 aDíaz Montero, Anibal.9983310aCerro y llanura :bcuentos /cAnibal Díaz Montero. aSan Juan :b[M. Pareja],c1964. a118 p. ;c20 cm. 001054708MOaGRbGRcCTd2009-09-15iLF1l0oxx xxp8315-10r2020-06-25w2020-06-25y4ZPréstamo en sala c8086d8086